<?xml version="1.0" encoding="UTF-8"?><?xml-stylesheet type="text/xsl" href="static/style.xsl"?><OAI-PMH xmlns="http://www.openarchives.org/OAI/2.0/" xmlns:xsi="http://www.w3.org/2001/XMLSchema-instance" xsi:schemaLocation="http://www.openarchives.org/OAI/2.0/ http://www.openarchives.org/OAI/2.0/OAI-PMH.xsd"><responseDate>2026-04-17T03:27:47Z</responseDate><request verb="GetRecord" identifier="oai:www.recercat.cat:2117/414187" metadataPrefix="marc">https://recercat.cat/oai/request</request><GetRecord><record><header><identifier>oai:recercat.cat:2117/414187</identifier><datestamp>2026-01-21T06:15:06Z</datestamp><setSpec>com_2072_1033</setSpec><setSpec>col_2072_452950</setSpec></header><metadata><record xmlns="http://www.loc.gov/MARC21/slim" xmlns:dcterms="http://purl.org/dc/terms/" xmlns:xsi="http://www.w3.org/2001/XMLSchema-instance" xmlns:doc="http://www.lyncode.com/xoai" xsi:schemaLocation="http://www.loc.gov/MARC21/slim http://www.loc.gov/standards/marcxml/schema/MARC21slim.xsd">
   <leader>00925njm 22002777a 4500</leader>
   <datafield ind2=" " ind1=" " tag="042">
      <subfield code="a">dc</subfield>
   </datafield>
   <datafield ind2=" " ind1=" " tag="720">
      <subfield code="a">Komarizadehasl, Seyedmilad</subfield>
      <subfield code="e">author</subfield>
   </datafield>
   <datafield ind2=" " ind1=" " tag="720">
      <subfield code="a">González Jiménez, Manuel Antonio</subfield>
      <subfield code="e">author</subfield>
   </datafield>
   <datafield ind2=" " ind1=" " tag="720">
      <subfield code="a">Pérez Casas, José María</subfield>
      <subfield code="e">author</subfield>
   </datafield>
   <datafield ind2=" " ind1=" " tag="720">
      <subfield code="a">Lozano Galant, José Antonio</subfield>
      <subfield code="e">author</subfield>
   </datafield>
   <datafield ind2=" " ind1=" " tag="720">
      <subfield code="a">Turmo Coderque, José</subfield>
      <subfield code="e">author</subfield>
   </datafield>
   <datafield ind2=" " ind1=" " tag="260">
      <subfield code="c">2024-11</subfield>
   </datafield>
   <datafield ind2=" " ind1=" " tag="520">
      <subfield code="a">Structural Health Monitoring (SHM) is crucial for infrastructure safety and integrity. Arduino-based sensors are gaining popularity in low-cost SHM structures. Distributed fiber optic systems (DFOS), such as Distributed Acoustic Sensing (DAS), are employed for accurate SHM despite their high costs, computational demands, and energy consumption. The primary objectives of this work are to compare the accuracy of an accelerometer named LARA (Low-cost Adaptable Reliable Accelerometer (LARA)) that utilizes both Arduino and Raspberry Pi technologies with a DAS system in detecting structural damage and to explore the potential advantages of combining LARA and DAS to create an effective SHM tool. This study is the first to enhance the design of LARA. Subsequently, LARA and DAS were used in a laboratory setting to analyze eigenfrequency changes in a beam model with induced localized damage. Finally, this study evaluated the precision and reliability of LARA and its potential role as a trigger for DAS in detecting localized damage. The findings show that both LARA and DAS can identify changes in the eigenfrequencies of damaged structures with deviations as small as 3.68 %. Consequently, LARA demonstrated its potential as a trigger for DAS, significantly reducing the computational demands while enriching the analysis. This approach offers highly accurate eigenfrequency measurements and enhances the analytical capabilities of DAS by identifying the primary axes of the detected eigenfrequencies.</subfield>
   </datafield>
   <datafield ind2=" " ind1=" " tag="520">
      <subfield code="a">The authors are indebted to the projects PID2021-126405OB-C31 and PID2021–126405OB-C32 funded by FEDER funds A way to make Europe and Spanish Ministry of Economy and Competitiveness MICIN/AEI/10.13039/501100011033/. Dr. Seyedmilad Komarizadehasl is indebted to a grant provided by the Polytechnic University of Catalonia to encourage research among new teaching staff with a reference of ALECTORS-2023.</subfield>
   </datafield>
   <datafield ind2=" " ind1=" " tag="520">
      <subfield code="a">Peer Reviewed</subfield>
   </datafield>
   <datafield ind2=" " ind1=" " tag="520">
      <subfield code="a">Postprint (author's final draft)</subfield>
   </datafield>
   <datafield tag="653" ind2=" " ind1=" ">
      <subfield code="a">Àrees temàtiques de la UPC::Enginyeria civil::Materials i estructures</subfield>
   </datafield>
   <datafield tag="653" ind2=" " ind1=" ">
      <subfield code="a">Structural health monitoring</subfield>
   </datafield>
   <datafield tag="653" ind2=" " ind1=" ">
      <subfield code="a">Low-cost safety control</subfield>
   </datafield>
   <datafield tag="653" ind2=" " ind1=" ">
      <subfield code="a">Distributed fiber optic sensors</subfield>
   </datafield>
   <datafield tag="653" ind2=" " ind1=" ">
      <subfield code="a">Eigenfrequency analysis</subfield>
   </datafield>
   <datafield tag="653" ind2=" " ind1=" ">
      <subfield code="a">Arduino</subfield>
   </datafield>
   <datafield tag="653" ind2=" " ind1=" ">
      <subfield code="a">Structural safety monitoring</subfield>
   </datafield>
   <datafield tag="653" ind2=" " ind1=" ">
      <subfield code="a">Low-cost sensors</subfield>
   </datafield>
   <datafield tag="653" ind2=" " ind1=" ">
      <subfield code="a">Monitorització de la salut estructural</subfield>
   </datafield>
   <datafield ind2="0" ind1="0" tag="245">
      <subfield code="a">Eigenfrequency analysis using fiber optic sensors and low-cost accelerometers for structural damage detection</subfield>
   </datafield>
</record></metadata></record></GetRecord></OAI-PMH>